000 00241nam a2200097Ia 4500
008 240625s9999 xx 000 0 und d
041 _aeng
082 _a808.20 SHA
100 _aSHARMA SURBHI
245 _aDEALER AND VENDOR PAYMENTS A STUDY WITH
999 _c37690
_d37690